[Event "Cape Town Masters"]
[Site "Cape Town"]
[Date "2025.01.11"]
[Round "9"]
[White "Mfazwe, Lutho"]
[Black "Lewis, Mark MM"]
[Result "1-0"]
[WhiteElo "2001"]
[BlackElo "1825"]
[PlyCount "53"]
[EventDate "2025.01.06"]
[EventType "swiss"]
[EventRounds "9"]
[EventCountry "RSA"]
[SourceTitle "CB03_2025"]
[SourceDate "2025.01.15"]
[SourceVersion "1"]
[SourceVersionDate "2025.01.15"]
[SourceQuality "1"]

1. e4 d6 2. d4 Nf6 3. Nc3 c6 4. f4 Qa5 5. Bd3 e5 6. Nf3 Nbd7 7. 0-0 Be7 8. Kh1 0-0 9. Bd2 Qc7 10. Ne2 Re8 11. Ng3 Bf8 12. c3 g6 13. fxe5 dxe5 14. Qc1 Bg7 15. Bh6 Bh8 16. Ng5 Nf8 17. d5 Re7 18. Bxf8 Kxf8 19. Rxf6 Bxf6 20. Nxh7+ Kg7 21. Nxf6 Kxf6 22. Qh6 Re8 23. Rf1+ Ke7 24. Rxf7+ Kd8 25. Rxc7 Kxc7 26. Qxg6 Bd7 27. d6+ 1-0

[Event "Kimberley Extravaganza op"]
[Site "Kimberley"]
[Date "2024.09.25"]
[Round "1"]
[White "Lewis, Mark MM"]
[Black "Bouah, Lyndon"]
[Result "1/2-1/2"]
[WhiteElo "1842"]
[BlackElo "2052"]
[PlyCount "80"]
[EventDate "2024.09.25"]
[EventType "swiss"]
[EventRounds "9"]
[EventCountry "RSA"]
[SourceTitle "EXT 2025"]
[Source "ChessBase"]
[SourceDate "2024.10.14"]
[SourceVersion "1"]
[SourceVersionDate "2024.10.14"]
[SourceQuality "1"]

1. d4 Nf6 2. c4 g6 3. g3 Bg7 4. Bg2 d6 5. Nc3 0-0 6. Nf3 Nc6 7. 0-0 a6 8. e4 Rb8 9. h3 b5 10. cxb5 axb5 11. Re1 e5 12. dxe5 Nxe5 13. Nxe5 dxe5 14. Qxd8 Rxd8 15. Bg5 c6 16. Rac1 h6 17. Be3 Be6 18. Ne2 Rdc8 19. b3 Ra8 20. Rc2 Bf8 21. Nc1 Nd7 22. Bf1 f6 23. Rd1 h5 24. Kg2 Be7 25. Be2 Kf7 26. f4 Kg7 27. Bf3 Nf8 28. Nd3 Nd7 29. Rdc1 Ra6 30. Bf2 Ba3 31. Rd1 c5 32. g4 hxg4 33. Bxg4 f5 34. Bf3 Rh8 35. h4 fxe4 36. Bxe4 Nf6 37. Bb7 Rb6 38. fxe5 Ng4 39. Be4 Nxf2 40. Nxf2 Rxh4 1/2-1/2

[Event "RSA-ch Seniors"]
[Site "Cape Town"]
[Date "2022.05.07"]
[Round "1"]
[White "Ohlson, Cecil"]
[Black "Lewis, Mark MM"]
[Result "0-1"]
[WhiteElo "1620"]
[BlackElo "1875"]
[PlyCount "46"]
[EventDate "2022.05.07"]
[EventType "tourn"]
[EventRounds "9"]
[EventCountry "RSA"]
[SourceTitle "CBM 208 Extra"]
[Source "ChessBase"]
[SourceDate "2022.07.31"]
[SourceVersion "1"]
[SourceVersionDate "2022.07.31"]
[SourceQuality "1"]

1. e4 e5 2. Bc4 Nf6 3. d4 exd4 4. Nf3 d5 5. Bb5+ c6 6. e5 Qa5+ 7. Nbd2 Qxb5 8. exf6 c5 9. fxg7 Bxg7 10. Nb3 0-0 11. Qd3 Re8+ 12. Kd1 Qxd3+ 13. cxd3 b6 14. Bf4 Bf5 15. Kd2 Nc6 16. Rae1 c4 17. Nc1 b5 18. Nh4 Be6 19. Re2 Bf8 20. Be5 Bh6+ 21. Kd1 Nxe5 22. Rxe5 Bg4+ 23. Re2 Bxc1 0-1

[Event "RSA-ch Seniors"]
[Site "Cape Town"]
[Date "2019.12.14"]
[Round "8"]
[White "Southey, Andrew M"]
[Black "Lewis, Mark MM"]
[Result "1-0"]
[WhiteElo "1758"]
[BlackElo "1966"]
[PlyCount "79"]
[EventDate "2019.12.07"]
[EventType "tourn"]
[EventRounds "11"]
[EventCountry "RSA"]
[SourceTitle "CBM 193 Extra"]
[Source "ChessBase"]
[SourceDate "2020.01.31"]
[SourceVersion "1"]
[SourceVersionDate "2020.01.31"]
[SourceQuality "1"]

1. e4 g6 2. Nc3 Bg7 3. Bc4 d6 4. f4 c6 5. Nf3 Nf6 6. Bb3 b5 7. a3 Qb6 8. Qe2 Bg4 9. d4 e6 10. Be3 d5 11. exd5 Nxd5 12. Nxd5 cxd5 13. c3 0-0 14. 0-0 Nc6 15. h3 Bxf3 16. Rxf3 Na5 17. Bc2 Nc4 18. Bd3 Rac8 19. Raf1 a5 20. Kh1 b4 21. axb4 axb4 22. Bg1 Rc7 23. g4 bxc3 24. bxc3 Nd6 25. f5 exf5 26. gxf5 Re8 27. Qg2 Rxc3 28. fxg6 hxg6 29. Bh2 Re7 30. Qg5 Rd7 31. Qxd5 Qxd4 32. Qa8+ Kh7 33. Rf4 Qxd3 34. Rh4+ Bh6 35. Rxh6+ Kxh6 36. Qh8+ Kg5 37. Qf6+ Kh5 38. Qh8+ Kg5 39. Bf4+ Kf5 40. Qe5# 1-0

[Event "RSA-chT Inter Provincial"]
[Site "Bloemfontein"]
[Date "2017.09.01"]
[Round "2.4"]
[White "Maluleke, Pfumelani"]
[Black "Lewis, Mark MM"]
[Result "0-1"]
[WhiteElo "1407"]
[BlackElo "1901"]
[PlyCount "108"]
[EventDate "2017.08.31"]
[EventType "team-swiss"]
[EventRounds "6"]
[EventCountry "RSA"]
[SourceTitle "CBM 180 Extra"]
[Source "ChessBase"]
[SourceDate "2017.10.06"]
[SourceVersion "1"]
[SourceVersionDate "2017.10.06"]
[SourceQuality "1"]
[WhiteTeam "Mpumalanga"]
[BlackTeam "Western Cape"]
[WhiteTeamCountry "RSA"]
[BlackTeamCountry "RSA"]

1. d4 Nf6 2. Bf4 d6 3. Nf3 g6 4. e3 Bg7 5. Bd3 0-0 6. Nbd2 Nc6 7. c3 e5 8. Bg5 h6 9. Bh4 Re8 10. Qc2 exd4 11. Nxd4 Ne5 12. 0-0 d5 13. Rad1 c5 14. N4f3 Nxd3 15. Qxd3 Bf5 16. Qb5 Qb6 17. Qxb6 axb6 18. a3 g5 19. Bg3 Nh5 20. Bc7 Rac8 21. Bg3 Nxg3 22. hxg3 Bc2 23. Rc1 Ba4 24. Rfe1 Rcd8 25. Kh2 Re6 26. b3 Bc6 27. Red1 b5 28. b4 b6 29. Nb3 Bf8 30. Na1 Ra8 31. Nc2 Bg7 32. Rd3 Bb7 33. Ra1 Rf6 34. Kg1 Re6 35. Kh2 Kh7 36. Ra2 Kg6 37. Ng1 h5 38. Ne2 Bc6 39. Ne1 Re7 40. f4 f6 41. Nf3 Rae8 42. Neg1 Rxe3 43. Rad2 Rxd3 44. Rxd3 Ra8 45. Nh3 g4 46. Nh4+ Kf7 47. Nf2 Rxa3 48. bxc5 bxc5 49. Nf5 Bf8 50. c4 Rxd3 51. Nxd3 dxc4 52. Nc1 c3 53. Kg1 c4 54. Nd4 Bc5 0-1

[Event "Manyanani"]
[Site "Manyanani"]
[Date "2014.06.15"]
[Round "3"]
[White "Barrish, Daniel"]
[Black "Lewis, Mark MM"]
[Result "1-0"]
[WhiteElo "1990"]
[BlackElo "1916"]
[PlyCount "93"]
[EventDate "2014.06.14"]
[EventType "swiss"]
[EventRounds "7"]
[EventCountry "RSA"]
[SourceTitle "EXT 2016"]
[Source "ChessBase"]
[SourceDate "2015.10.08"]
[SourceVersion "1"]
[SourceVersionDate "2015.10.08"]
[SourceQuality "1"]

1. d4 Nf6 2. c4 g6 3. f3 c5 4. d5 d6 5. e4 Bg7 6. Ne2 b5 7. cxb5 a6 8. Nec3 0-0 9. Na3 e6 10. dxe6 Bxe6 11. Be3 Re8 12. bxa6 Nxa6 13. Bb5 Re7 14. 0-0 Nb4 15. Nc4 Ne8 16. a3 Rb7 17. Qe2 Bxc3 18. bxc3 Nc2 19. Qxc2 Rxb5 20. a4 Rb7 21. Nd2 Rba7 22. Ra3 Nc7 23. c4 Qf6 24. Rfa1 Na6 25. Nb1 Nb4 26. Qe2 Nc6 27. Nc3 Na5 28. Nd5 Bxd5 29. exd5 Re7 30. Rc1 Rae8 31. Qd2 Qh4 32. Bf2 Nxc4 33. Bxh4 Nxd2 34. Bxe7 Rxe7 35. a5 c4 36. a6 Ra7 37. Ra2 Nb3 38. Rxc4 Nc5 39. Rb4 Kf8 40. Rb6 Ke7 41. Kf2 Kd7 42. Ke3 Kc7 43. Rc6+ Kd7 44. Kd4 Ne6+ 45. dxe6+ Kxc6 46. exf7 Ra8 47. a7 1-0

[Event "Manyanani"]
[Site "Manyanani"]
[Date "2014.06.14"]
[Round "2"]
[White "Lewis, Mark MM"]
[Black "Hoossen, Erfaan"]
[Result "1-0"]
[WhiteElo "1916"]
[BlackElo "1755"]
[PlyCount "73"]
[EventDate "2014.06.14"]
[EventType "swiss"]
[EventRounds "7"]
[EventCountry "RSA"]
[SourceTitle "EXT 2016"]
[Source "ChessBase"]
[SourceDate "2015.10.08"]
[SourceVersion "1"]
[SourceVersionDate "2015.10.08"]
[SourceQuality "1"]

1. d4 c5 2. d5 f5 3. g3 d6 4. Bg2 g6 5. Nh3 Nf6 6. c4 Bg7 7. Nc3 Nbd7 8. Ng5 Nb8 9. Qa4+ Bd7 10. Qb3 Qc8 11. 0-0 h6 12. Ne6 Bxe6 13. dxe6 Nc6 14. e4 fxe4 15. Nxe4 0-0 16. Nc3 Kh7 17. Nd5 Rb8 18. Bd2 Nxd5 19. cxd5 Nd4 20. Qd3 b5 21. Be4 Qe8 22. h4 c4 23. Qa3 h5 24. Bg5 Rb7 25. Kg2 b4 26. Qa6 Qb5 27. Qxb5 Nxb5 28. Rac1 c3 29. b3 Rc8 30. f4 Nd4 31. g4 hxg4 32. h5 Nf5 33. Rh1 Rbc7 34. hxg6+ Kxg6 35. Rh4 Rf8 36. Rxg4 Kh5 37. Rh1+ 1-0